| 000 | 00692nam a22001815i 4500 | ||
|---|---|---|---|
| 001 | 151380 | ||
| 003 | ES-MaACL | ||
| 005 | 20251005063118.0 | ||
| 008 | 040927s1841 xxu |||| | eng d | ||
| 040 |
_aCAM _bspa _cCAM |
||
| 100 | 1 |
_aMitchell, S. Augustus, _d1792-1868 _9157315 |
|
| 245 | 1 | 3 |
_aAn accompaniment to Mitchell's map of the world on Mercator's projection _b: containing an index to the various countries, cities, towns, islands ... |
| 260 |
_aPhiladelphia : _bpublished by R.L. Barnes, _c1841 ( _fStereotyped by J. Fagan) |
||
| 300 |
_a572 p. ; _c22 cm. |
||
| 650 | 7 |
_aGeografĂa _2embne _913070 |
|
| 852 |
_aES-MaACL _jG-13185 _z-- Enc. hol. |
||
| 999 |
_c151380 _d151380 |
||